Management information for marketing and sales 98/99, fourth edition / (Record no. 344603)

000 -LEADER
fixed length control field 01781 a2200217 4500
020 ## - INTERNATIONAL STANDARD BOOK NUMBER
International Standard Book Number 0750640332
020 ## - INTERNATIONAL STANDARD BOOK NUMBER
International Standard Book Number 9780750640336
090 ## - LOCALLY ASSIGNED LC-TYPE CALL NUMBER (OCLC); LOCAL CALL NUMBER (RLIN)
-- 2100
-- 2100
100 1# - MAIN ENTRY--PERSONAL NAME
Personal name Hines, Tony.
245 10 - TITLE STATEMENT
Title Management information for marketing and sales 98/99, fourth edition /
Statement of responsibility, etc. Tony Hines.
250 ## - EDITION STATEMENT
Edition statement 4th ed.
260 ## - PUBLICATION, DISTRIBUTION, ETC.
Place of publication, distribution, etc. [S.l.] :
Name of publisher, distributor, etc. Butterworth-Heinemann,
Date of publication, distribution, etc. 1998.
300 ## - PHYSICAL DESCRIPTION
Extent 200 p.
490 1# - SERIES STATEMENT
Series statement Cim student workbook: advanced certificate.
500 ## - GENERAL NOTE
General note Paperback.
520 ## - SUMMARY, ETC.
Summary, etc. The latest, fully updated edition of this popular workbook, containing the most recent exam questions and specimen answers from the senior examiner. Management Information for Marketing and Sales comprehensively covers the CIM syllabus. It is endorsed and recommended by Trevor Watkins, the CIM Chief examiner. Written to help you pass first time, the text layout is lively and interactive. Each Unit has the same structure to make learning easier and more consistent. Units contain: * Unit objectives to make planning your time easier * Unit tasks to help you test what you've learnt * practical examples and case studies to relate theory to practice * helpful questions to test your knowledge * where to find help if you're stuck * succinct chapter summaries * revision tips to get you through the exam Quotes from users of the first editions include: 'The layout of this study text was easier to follow compared to others used.' 'Very thorough and complete.' Essential Reading in the CIM Recommended Reading list.
830 #0 - SERIES ADDED ENTRY--UNIFORM TITLE
Uniform title Cim student workbook: advanced certificate.
856 40 - ELECTRONIC LOCATION AND ACCESS
Materials specified Amazon.com
Uniform Resource Identifier <a href="http://www.amazon.com/exec/obidos/ASIN/0750640332/chopaconline-20">http://www.amazon.com/exec/obidos/ASIN/0750640332/chopaconline-20</a>
856 40 - ELECTRONIC LOCATION AND ACCESS
Materials specified Amazon customer reviews
Uniform Resource Identifier <a href="http://www.chopac.org/cgi-bin/tools/azrev.pl?q=0750640332">http://www.chopac.org/cgi-bin/tools/azrev.pl?q=0750640332</a>
942 ## - ADDED ENTRY ELEMENTS (KOHA)
Institution code [OBSOLETE] NBS
Koha item type Book
Call number prefix 658.8 HIN
Holdings
Withdrawn status Lost status Damaged status Not for loan Permanent Location Current Location Date acquired Total Checkouts Full call number Barcode Date last seen Price effective from Koha item type
        Central Library (CL) Central Library (CL) 08/28/2013   658.8 HIN NBS2841 12/11/2013 08/28/2013 Book
© 2023 Central Library, National University of Sciences and Technology. All Rights Reserved.